| 000 | 00857nam a2200253 a 4500 | ||
|---|---|---|---|
| 001 | 015652254 | ||
| 003 | Uk | ||
| 005 | 20201128020944.0 | ||
| 008 | 100914s2011 maua b 001 0 eng d | ||
| 020 | _a0132311496 (pbk.) | ||
| 020 | _a9780132311496 (pbk.) | ||
| 082 | 0 | 4 |
_a657.96 _222 _bCHO |
| 100 | 1 |
_aChoi, Frederick D. S., _d1942- _93015 |
|
| 245 | 1 | 0 |
_aInternational accounting / _cGary Meek Frederick Choi |
| 250 |
_a7th ed., International ed. / _bFrederick D.S. Choi, Gary K. Meek. |
||
| 260 |
_aBoston, [Mass.] ; _aLondon : _bPearson, _cc2011. |
||
| 300 |
_axv, 476 p. : _bill. ; _c24 cm. |
||
| 500 | _aPrevious ed.: 2008. | ||
| 504 | _aIncludes bibliographical references and index. | ||
| 650 | 0 |
_aInternational business enterprises _xAccounting. _932925 |
|
| 653 |
_bBus _cMarch2013 |
||
| 700 | 1 |
_aMeek, Gary K., _d1949- _932926 |
|
| 942 |
_2ddc _cBB |
||
| 999 |
_c17386 _d17358 |
||